Art students' anatomy

Uloženo v:
Podrobná bibliografie
Hlavní autor: Farris, Edmond J (Autor)
Médium: Kniha
Jazyk:angličtina
Vydáno: Nueva York Dover 1961
Témata:
Tagy: Přidat tag
Žádné tagy, Buďte první, kdo vytvoří štítek k tomuto záznamu!

MARC

LEADER 00000nam a2200000 a 4500
001 UCT0999
003 CL-VaPUC
008 960913e19610000US |||||||||||||||||eng|d
082 0 4 |a 743.4  |b FAR  |2 21 
100 0 |a Farris, Edmond J  |e author  |9 369652 
245 1 0 |a Art students' anatomy 
300 |a 159 p 
942 |c BK 
945 |d 19960913 00:00:00  |a rleighto 
260 |a Nueva York  |b Dover  |c 1961 
650 0 |a Anatomía artística  |9 312615 
650 0 |a Anatomía humana   |9 269546 
650 0 |a Artistas   |9 262026 
650 0 |a Dibujos  |9 264123 
583 |a last modification  |c 19960913 00:00:00  |k Rodrigo Vera 
999 |c 251678  |d 251676 
952 |0 0  |1 0  |4 0  |6 743_400000000000000_FAR_1961  |7 0  |8 A  |9 270996  |a BIBARQ  |b BIBARQ  |d 2019-11-19  |i 3230570  |o 743.4 FAR 1961  |p 3230570  |r 2025-01-20  |w 2019-11-19  |y BK  |k ARQ